000 00667nam a2200193 a 4500
001 000010160
005 20240412074215.0
008 091005s1978 dr r 001 p spa d
040 _aDO-SdBNP
_bspa
_cBNPHU
082 _aRD861.44
_bC957am
100 1 _aCruz Francisco Antonio
_925157
245 1 4 _aLos ámbitos circulantes :
_bpoemas 1960-1975 /
_cFrancisco Antonio Cruz.
260 _aSanto Domingo :
_aImpresmundo,
_c1978.
504 _aIncluye referencias bibliográficas y notas al pie de las páginas
590 _aInventariado, 2018/BT
650 0 _aPoesía dominicana
_966
650 0 _aLiteratura dominicana.
_967
910 _aValidado. Control de calidad. MFF
999 _c9919
_d9919